000 00275nam a2200109Ia 4500
001 1275959
005 20260417160438.0
008 260417s9999 xx 000 0 und d
020 _a9786256910157
245 0 _aWright Kardeşler
_cTuğba Hatun Murat
260 _bKetebe Çocuk
999 _c1275959
_d1275959